000 00413nam a22001577a 4500
020 _a9788119911042
082 _aM300 7
_bSUR/N
100 _aSuerndran K
245 _aNovelswaroopam/
_cby Suerndran K
260 _aKottayam:
_bSahithya Pravarthaka Co-operative Society,
_c2024.
300 _a174p.
650 _aNovel Malayalam Study
650 _aLiterature Malayalam
650 _aLiterature
942 _cBK
999 _c182058
_d182058